| 000 | 00631nam a2200145Ia 4500 | ||
|---|---|---|---|
| 999 |
_c7467 _d7467 |
||
| 020 | _a9781926692067 | ||
| 082 | _aRR 338.92703 COV-I | ||
| 100 | _aCovington, Gareth | ||
| 245 | 0 | _aInternational encyclopedia of sustainable development | |
| 260 |
_aOakville _bApple Academics _c2010 |
||
| 440 | _aInternational encyclopedia of sustainable development | ||
| 500 | _acontents: 5 vols. Vol.1 (Land management), (303p.) - v.2 (Water management), (304p.) - v.3 (Sustainable living), (312p.) - v.4 (Sustainable industry), (304p.) - v.5 (Sustainable tourism), (304p.) | ||
| 650 |
_aSustainable development _vEncyclopedias |
||
| 942 |
_cBK _2ddc |
||